000 00750nam a2200241 i 4500
001 C2-0300455
003 PPAK
005 20180728081953.0
008 091105s2004 my a|||| ||||| | may d
020 _a983358540X ; 9789833585403
040 _aPPAK
_beng
_cPPAK
_erda
082 0 4 _a153.35
_223
090 0 0 _a153.35
_bMOH
_dG
100 0 _aMohd Azhar Abd Hamid,
_eauthor
245 1 0 _aPermainan kreatif untuk guru & jurulatih
264 1 _aKuala Lumpur :
_bPTS Professional Publishing ,
_c2004
300 _aiv, 271 pages :
_billustrations ;
_c29 cm
336 _2rdacontent
_atext
337 _2rdamedia
_aunmediated
338 _2rdacarrier
_avolume
650 1 0 _aCreation ( literacy, artistic. etc. ) ; Creative ability.
942 _ddc
_cB
999 _c104341
_d104341